Radical social work today: social work at the crossroads (Record no. 32567)
[ view plain ]
| 000 -LEADER | |
|---|---|
| fixed length control field | 00616nam a2200157 a 4500 |
| 008 - FIXED-LENGTH DATA ELEMENTS--GENERAL INFORMATION | |
| fixed length control field | 160210s2011 ||||||||||||||||| || u |
| 020 ## - INTERNATIONAL STANDARD BOOK NUMBER | |
| International Standard Book Number | 9781847428189 |
| 050 ## - LIBRARY OF CONGRESS CALL NUMBER | |
| Classification number | HV 40 Rad |
| 100 ## - MAIN ENTRY--PERSONAL NAME | |
| Personal name | Lavalette, Michael |
| 245 10 - TITLE STATEMENT | |
| Title | Radical social work today: social work at the crossroads |
| Statement of responsibility, etc. | Edited By Michael Lavalette |
| 260 ## - PUBLICATION, DISTRIBUTION, ETC. | |
| Place of publication, distribution, etc. | Bristol |
| Name of publisher, distributor, etc. | The Policy Press |
| Date of publication, distribution, etc. | 2011 |
| 300 ## - PHYSICAL DESCRIPTION | |
| Extent | xi, 236p.: |
| 350 ## - | |
| -- | 89.95 |
| 650 #0 - SUBJECT ADDED ENTRY--TOPICAL TERM | |
| Topical term or geographic name entry element | SOCIAL SERVICE |
| 995 ## - | |
| -- | MEDICAL LIBRARY OPEN ACCESS |
| -- | 903531 |
| -- | CBU-SCHOOL OF MEDICINE LIBRARY (Ndola) |
| -- | 89.95 |
| -- | HV 40 Rad |
| -- | 1 |
| -- | AVAILABLE |
| -- | Feb 15, 2016 |
| -- | 903531 |
| -- | Medical Library Open Access Collection |
| 999 ## - | |
| -- | 32567 |
| -- | 32567 |
| Withdrawn status | Lost status | Source of classification or shelving scheme | Damaged status | Not for loan | Permanent Location | Current Location | Shelving location | Date acquired | Total Checkouts | Full call number | Barcode | Date last seen | Price effective from | Koha item type |
|---|---|---|---|---|---|---|---|---|---|---|---|---|---|---|
| CBU-SCHOOL OF MEDICINE LIBRARY, NDOLA. | CBU-SCHOOL OF MEDICINE LIBRARY, NDOLA. | 11/30/2022 | HV 40 Rad | 903531 | 11/30/2022 | 11/30/2022 | MONOGRAPH |